Guess the Fusion Rock Song Lyrics #35 - Statistics

General Stats
  • This quiz has been taken 11 times
  • The average score is 165 of 205
Answer Stats
Answer % Correct
a
100%
be
100%
I
100%
the
100%
And
90%
But
90%
can
90%
down
90%
me
90%
my
90%
of
90%
way
90%
will
90%
You
90%
ain't
80%
at
80%
baby
80%
back
80%
No
80%
no
80%
on
80%
out
80%
there
80%
up
80%
Well
80%
won't
80%
Won't
80%
around
70%
easy
70%
from
70%
ground
70%
hell
70%
Hey
70%
I'll
70%
keep
70%
know
70%
stand
70%
that
70%
gates
60%
got
60%
In
60%
just
60%
keeps
60%
this
60%
Tom Petty
60%
what's
60%
world
60%
Gonna
50%
one
50%
pushin
50%
right
50%
turned
50%
life
40%
Ooh
40%
draggin
30%
No matching quizzes found
Score Distribution
Percent of People with Each Score
Percentile by Number Answered
Your Score History
You have not taken this quiz